000 00419nam a2200157Ia 4500
008 230312s9999||||xx |||||||||||||| ||und||
020 _a9788120332294
082 _a006.3
_bPRI-A
100 _aPriddy, Kevin.L
245 0 _aArtificial Neural Networks
260 _bPrentice Hall India
_aIndia
_c2007
300 _a165
546 _aEng.
650 _aComputer
_vData Normalization, Coding,Training Methods
942 _cBK
999 _c2822
_d2822